000 01144nam a22002657a 4500
005 20101206113148.0
008 101206t xxu||||| |||| 00| 0 hin d
010 _aHIN-93320
020 _c32.00
_a9788179875476
035 _aHN-65666
037 _bDBAD/PUB
040 _aDPL
_bHN
082 _a617.695
100 _924598
_aविजय एम.तारे
245 _aदांतों की सुरक्षा कैसे करें?:
_cविजय एम.तारे
_bसरल उपचार एवं स्वयं देखभाल /
260 _aनई दिल्ली
_bविश्व विजय
_c2009
270 _bनई दिल्ली
_aएम-12, कनाट सरकस
_e110001
_k91-011-23416313
300 _a94पृ.
_c22सेमी (अजिल्द)
_bसचित्र
650 _91169
650 _929580
700 _924599
700 _924924
942 _2ddc
_cHN
_mविजय
_h617.695
999 _c54109
_d54109